Catholic University of Zimbabwe Library
Online Public Access Catalogue
(OPAC)

Listen to the Children (Record no. 9452)

MARC details
000 -LEADER
fixed length control field 00479 a2200145 4500
020 ## - INTERNATIONAL STANDARD BOOK NUMBER
International Standard Book Number 0901269409
005 - DATE AND TIME OF LATEST TRANSACTION
control field 20191017172840.0
084 ## - OTHER CLASSIFICATION NUMBER
Classification number HQ755.85 .L57
245 ## - TITLE STATEMENT
Title Listen to the Children
Medium print
260 ## - PUBLICATION, DISTRIBUTION, ETC.
Place of publication, distribution, etc. enk
Name of publisher, distributor, etc. Grosvenor Books
Date of publication, distribution, etc. 1979
300 ## - PHYSICAL DESCRIPTION
Extent [8], 80, [7] p. : ill., music
Other physical details 21 cm.
Dimensions [8], 80, [7] p. : ill., music ; 21 cm.
500 ## - GENERAL NOTE
General note compiled by Annejet Campbell ; illustrated by Elisabeth Goward.
650 ## - SUBJECT ADDED ENTRY--TOPICAL TERM
Topical term or geographic name entry element ENGLISH LITERATURE
650 ## - SUBJECT ADDED ENTRY--TOPICAL TERM
Topical term or geographic name entry element SHORT STORIES
700 ## - ADDED ENTRY--PERSONAL NAME
Personal name Campbell, Annejet.

No items available.

OPENING HOURS

Weekdays: 0815hrs - 1800hrs
Weekends:0900hrs - 1200hrs

Closed for Mass:

Mon, Thur: 1200hrs - 1300hrs
Sunday & Public Holiday’s

CALL SUPPORT

0242-570570, 0242-570169
09200664, +263 8644140602

LOCATION

18443, Cranborne Avenue, Hatfield, Harare

Other Links


©2021 | CUZ Library